[Event "AUTO-OPEN-2671"]
[Site "http://www.queenalice.com/game.php?id=1053656"]
[Date "2012.4.28"]
[Round "1"]
[White "aleove"]
[Black "pomar"]
[Result "1/2-1/2"]
[WhiteElo "1967"]
[BlackElo "2081"]

1. d4 e6 2. c4 c5 3. d5 exd5 4. cxd5 Nf6 5. Nc3 d6 6. e4 Qa5 7. Bd2 Bd7 8. Bd3
Be7 9. Nge2 O-O 10. O-O Na6 11. a3 Qb6 12. Rb1 Rac8 13. Ng3 Bg4 14. Be2 Bxe2 15.
Qxe2 Rfe8 16. Kh1 Qb3 17. Nf5 Bf8 18. Bf4 Nxd5 19. Nxd5 Qxd5 20. exd5 Rxe2 21.
Ne3 Nc7 22. Kg1 f6 23. h4 b5 24. Rfd1 Re8 25. Kf1 R2xe3 26. Bxe3 Re5 27. Bf4
Rxd5 28. Rxd5 Nxd5 29. Bg3 Kf7 30. Rd1 Ke6 31. Re1+ Kd7 32. f3 Nb6 33. b3 d5 34.
Bf2 d4 35. Ke2 Nd5 36. Kd3 Nf4+ 37. Ke4 Bd6 38. b4 g5 39. hxg5 fxg5 40. Rh1 Nxg2
41. Rxh7+ Kc6 42. Rxa7 Nf4 43. bxc5 Bxc5 44. Bxd4 Bxa7 45. Bxa7 Kd7 46. Kf5 Ne6
47. Be3 Kd6 48. Bxg5 Kd5 49. Bd2 Nd4+ 50. Kg4 Ke6 51. f4 Nf5 52. Kf3 Kd5 53. Bc3
Nd6 54. Bb4 Nf5 55. Kg4 Ke6 56. Kf3 Kd5 57. Ke2 Ke4 58. Bd2 Nd4+ 59. Kd1 Kd3 60.
Bc1 Nf5 61. Bd2 Nd4 62. Bc1 1/2-1/2

[Event "AUTO-ADV-2510"]
[Site "http://www.queenalice.com/game.php?id=1062432"]
[Date "2012.5.22"]
[Round "1"]
[White "massimo"]
[Black "aleove"]
[Result "0-1"]
[WhiteElo "1853"]
[BlackElo "1947"]

1. e4 c5 2. c4 Nc6 3. d3 d6 4. Nf3 Bg4 5. Be2 Bxf3 6. Bxf3 g6 7. O-O Bg7 8. Nc3
Nf6 9. e5 Nxe5 10. Bxb7 Rb8 11. Qa4+ Nfd7 12. Qxa7 Nxd3 13. Bg5 Qc7 14. Nd5 Qxb7
15. Nc7+ Kf8 16. Qxb7 Rxb7 17. Nb5 f6 18. Be3 Kf7 19. b3 Ra8 20. a4 N3e5 21. f4
Nc6 22. Rf3 Na7 23. Rh3 Kg8 24. g4 f5 25. gxf5 Bxa1 0-1

[Event "AUTO-ADV-2510"]
[Site "http://www.queenalice.com/game.php?id=1062433"]
[Date "2012.5.22"]
[Round "1"]
[White "aleove"]
[Black "massimo"]
[Result "1-0"]
[WhiteElo "1983"]
[BlackElo "1844"]

1. d4 d5 2. c4 e6 3. Nc3 Nf6 4. Nf3 Bb4 5. Qc2 Ne4 6. a3 Bxc3+ 7. bxc3 O-O 8. e3
Nc6 9. Bd3 f5 10. O-O Ng5 11. Nxg5 Qxg5 12. e4 f4 13. cxd5 exd5 14. exd5 Ne7 15.
Bxh7+ Kh8 16. Be4 Bh3 17. Qd3 Bf5 18. Bxf5 Rxf5 19. c4 Ng6 20. Bd2 Qg4 21. f3
Qg5 22. Rfe1 Qh5 23. Re6 Nh4 24. Re5 Rg5 25. Rxg5 Qxg5 26. Qf1 Re8 27. Re1 Rxe1
28. Bxe1 Qf6 29. Bxh4 Qxh4 30. Qe2 g5 31. Qf2 Qh7 32. g3 Qb1+ 33. Kg2 Qg6 34.
gxf4 gxf4+ 35. Kf1 Qh5 36. Qe2 Qh3+ 37. Ke1 Qh4+ 38. Kd2 Kh7 39. Kd3 Qf6 40.
Qe4+ Kh6 41. Qe6 Qxe6 42. dxe6 Kg7 43. Ke4 Kf6 44. d5 c6 45. h4 cxd5+ 46. cxd5
b5 47. h5 1-0

[Event "AUTO-ADV-2510"]
[Site "http://www.queenalice.com/game.php?id=1062446"]
[Date "2012.5.22"]
[Round "1"]
[White "aleove"]
[Black "yeye2"]
[Result "0-1"]
[WhiteElo "1972"]
[BlackElo "1754"]

1. d4 Nf6 2. c4 e6 3. Nf3 b6 4. Bg5 Bb4+ 5. Nc3 h6 6. Bh4 Ba6 7. e3 Bxc3+ 8.
bxc3 d5 9. Qb3 dxc4 10. Bxc4 Bxc4 11. Qxc4 Nbd7 12. O-O c5 13. Rfe1 Qc8 14. Bxf6
Nxf6 15. Rad1 O-O 16. e4 cxd4 17. Qxc8 Raxc8 18. cxd4 Rc2 19. Ra1 Rfc8 20. e5
Nd5 21. Kf1 b5 22. a4 b4 23. a5 b3 24. Rab1 R8c3 25. Ng1 Nf4 26. g3 Nd3 27. Red1
Rxf2# 0-1

[Event "AUTO-ADV-2510"]
[Site "http://www.queenalice.com/game.php?id=1062447"]
[Date "2012.5.22"]
[Round "1"]
[White "yeye2"]
[Black "aleove"]
[Result "0-1"]
[WhiteElo "1768"]
[BlackElo "1964"]

1. e4 c5 2. Qf3 d6 3. Bb5+ Bd7 4. Qb3 Nf6 5. Bc4 e6 6. Qxb7 Bc6 7. Qb3 Nxe4 8.
Bb5 Be7 9. Bxc6+ Nxc6 10. Nf3 O-O 11. d3 Nf6 12. Be3 Rb8 13. Qa4 Qc7 14. b3 d5
15. d4 cxd4 16. Nxd4 Rb4 17. Qxc6 Qe5 18. Qc3 Ng4 19. Nc6 Qxc3+ 20. Nxc3 Rb7 21.
Nxa7 Nxe3 22. fxe3 Rxa7 23. O-O-O Bf6 24. Na4 Rc8 25. a3 Rac7 26. Rd2 Bg5 27.
Re1 d4 28. Rxd4 Rxc2+ 29. Kb1 Rxg2 30. Red1 Rxh2 31. b4 h6 32. b5 Bxe3 33. Rd8+
Rxd8 34. Rxd8+ Kh7 35. b6 Rd2 36. Rc8 g5 37. Rc4 Rd8 38. b7 Bf4 39. Nc5 h5 40.
a4 h4 41. Kc2 h3 42. a5 h2 43. a6 h1=Q 44. a7 Qd1+ 45. Kc3 Qc1+ 46. Kb4 Bd2+ 47.
Kb5 Qb2+ 48. Kc6 Qa2 49. Ra4 Qd5+ 50. Kb5 Be3 51. Rc4 Bxc5 0-1

[Event "AUTO-ADV-2510"]
[Site "http://www.queenalice.com/game.php?id=1062448"]
[Date "2012.5.22"]
[Round "1"]
[White "aleove"]
[Black "hirano"]
[Result "1-0"]
[WhiteElo "1959"]
[BlackElo "1675"]

1. d4 d5 2. c4 dxc4 3. Nc3 b6 4. e4 c5 5. dxc5 bxc5 6. Qxd8+ Kxd8 7. Bxc4 e6 8.
Nf3 Nf6 9. O-O Nc6 10. Bb5 Bd7 11. Rd1 Ke7 12. Bg5 h6 13. Bh4 g5 14. Bg3 Bg7 15.
Rd6 Rac8 16. Rad1 Rhd8 17. h4 g4 18. Ne5 Nxe5 19. Bxe5 Bxb5 20. Nxb5 Nxe4 21.
Rxd8 Rxd8 22. Rxd8 Kxd8 23. Bxg7 f5 24. Bxh6 a5 25. a4 Kd7 26. Be3 Kc6 27. h5
Nf6 28. h6 c4 29. Kf1 e5 30. g3 Kd5 31. Ke2 Ke4 32. Nd6+ Kd5 33. Nxf5 Ke4 34.
Nd6+ Kd5 35. Nb7 Nd7 36. h7 1-0

[Event "AUTO-ADV-2510"]
[Site "http://www.queenalice.com/game.php?id=1062449"]
[Date "2012.5.22"]
[Round "1"]
[White "hirano"]
[Black "aleove"]
[Result "0-1"]
[WhiteElo "1639"]
[BlackElo "1997"]

1. e4 c5 2. d3 d5 3. exd5 Qxd5 4. Nc3 Qe5+ 5. Be3 Nf6 6. Nf3 Qc7 7. d4 e6 8.
Bb5+ Bd7 9. Ne5 Bxb5 10. Nxb5 Qa5+ 11. c3 a6 12. Na3 cxd4 13. Qxd4 Bxa3 14. bxa3
Qxa3 15. Rd1 O-O 16. Qc4 Qe7 17. Bc5 Qc7 18. Qd4 Rc8 19. Bd6 Qxc3+ 20. Qxc3 Rxc3
21. Bc5 Nbd7 22. Nxd7 Nxd7 23. Bd4 Rc2 24. O-O Rxa2 25. Bxg7 Kxg7 26. Rxd7 b5
27. Rb7 Rc8 28. Rd1 Rcc2 29. Rf1 Rcb2 30. h4 b4 31. Rd1 a5 32. Rdd7 Rxf2 33. g4
Rab2 34. g5 a4 35. Rxb4 Rxb4 36. Kxf2 Rxh4 37. Kg3 Rb4 38. Ra7 Rb3+ 39. Kf4 a3
40. Ke4 Kg6 41. Kd4 Rg3 42. Kc5 Rxg5+ 43. Kd6 h5 44. Rxa3 h4 45. Rh3 Rh5 46. Ke7
e5 47. Kf8 e4 48. Re3 f5 49. Ke7 h3 50. Rg3+ Kh7 51. Kf7 Rh4 52. Rg7+ Kh6 53.
Kf6 Rg4 54. Rf7 h2 55. Rf8 Rg6+ 56. Kxf5 Kg7 57. Rg8+ Kxg8 58. Kxg6 h1=Q 59. Kg5
Qf3 60. Kh6 Kf7 61. Kg5 e3 62. Kh4 e2 63. Kg5 e1=R 64. Kh6 Qg4 0-1

[Event "AUTO-ADV-2520"]
[Site "http://www.queenalice.com/game.php?id=1067468"]
[Date "2012.6.3"]
[Round "1"]
[White "TON7"]
[Black "aleove"]
[Result "0-1"]
[WhiteElo "1608"]
[BlackElo "1995"]

1. d4 d5 2. Nf3 Nf6 3. g3 c5 4. Be3 b6 5. Bg2 e6 6. O-O Bd6 7. c3 O-O 8. Ng5 Nc6
9. b3 Ba6 10. Qc2 h6 11. Nf3 Rc8 12. dxc5 bxc5 13. Nbd2 Bxe2 14. Rfe1 Ba6 15. a3
e5 16. b4 d4 17. bxc5 dxe3 18. Rxe3 Bxc5 19. Ree1 Re8 20. Nb3 Bb6 21. a4 Qc7 22.
Nh4 Bb7 23. c4 Nd4 24. Qc3 Bxg2 25. Nxg2 Nxb3 26. Qxb3 Qxc4 27. Qxc4 Rxc4 28. a5
Bd4 29. Ra2 Rec8 30. Kf1 Rc2 31. Rxc2 Rxc2 32. Ne3 Ra2 33. Nf5 Rxf2+ 34. Kg1
Rxf5+ 35. Kg2 Rf2+ 36. Kh3 Ra2 0-1

[Event "AUTO-ADV-2520"]
[Site "http://www.queenalice.com/game.php?id=1067469"]
[Date "2012.6.3"]
[Round "1"]
[White "aleove"]
[Black "TON7"]
[Result "1-0"]
[WhiteElo "2001"]
[BlackElo "1610"]

1. d4 d5 2. c4 dxc4 3. Nf3 Bg4 4. e3 Qd5 5. Nc3 Qd6 6. Bxc4 Nf6 7. O-O e6 8. h3
Bxf3 9. Qxf3 Nc6 10. Rd1 O-O-O 11. a3 g5 12. Qxf6 Be7 13. Qf3 h5 14. Ne4 Qd7 15.
b4 f5 16. Nc5 Bxc5 17. bxc5 g4 18. Qf4 Na5 19. Bf1 gxh3 20. gxh3 Qd5 21. f3
Rhg8+ 22. Kf2 Rgf8 23. Bd2 Nb3 24. Rab1 Nxd2 25. Rxd2 Qc6 26. Rdb2 e5 27. Qxe5
Rde8 28. Qg3 Qh6 29. f4 h4 30. Qf3 b6 31. Qa8+ Kd7 32. Qxa7 Ra8 33. Qb7 Rfb8 34.
Qd5+ Kc8 35. cxb6 cxb6 36. Rc2+ 1-0

[Event "AUTO-ADV-2520"]
[Site "http://www.queenalice.com/game.php?id=1067484"]
[Date "2012.6.3"]
[Round "1"]
[White "Nille"]
[Black "aleove"]
[Result "1/2-1/2"]
[WhiteElo "1796"]
[BlackElo "2003"]

1. e4 c5 2. Nf3 Nc6 3. Bc4 e6 4. d3 d6 5. a3 Be7 6. Nc3 Nf6 7. O-O O-O 8. Bd2 a6
9. Ne2 d5 10. exd5 exd5 11. Ba2 h6 12. h3 Re8 13. c3 Bf5 14. d4 b6 15. Ne5 Qc7
16. Bf4 Bd6 17. Nxc6 Qxc6 18. dxc5 bxc5 19. Bxd6 Qxd6 20. b4 Rac8 21. bxc5 Qxc5
22. Nd4 Be6 23. Nxe6 fxe6 24. Qe2 Qxc3 25. Qxa6 Ra8 26. Qd6 Qxa3 27. Qc6 Qb2 28.
Rfb1 Qe2 29. Re1 Qa6 30. Qc2 Ra7 31. Qb2 Rea8 32. Re2 Qb7 33. Qxb7 Rxb7 34. Rxe6
Rb2 35. Rxf6 Raxa2 36. Rxa2 Rxa2 37. Rd6 Ra5 38. Kf1 Kf7 39. Ke2 Ke7 40. Rg6 Kf7
41. Rg4 Kf6 42. Rd4 Ke5 43. Rd2 d4 1/2-1/2

[Event "AUTO-ADV-2520"]
[Site "http://www.queenalice.com/game.php?id=1067485"]
[Date "2012.6.3"]
[Round "1"]
[White "aleove"]
[Black "Nille"]
[Result "1-0"]
[WhiteElo "1993"]
[BlackElo "1804"]

1. d4 d5 2. c4 dxc4 3. e3 e6 4. Bxc4 Nf6 5. Nc3 Nc6 6. Nf3 Bb4 7. O-O O-O 8. Qc2
h6 9. Rd1 a6 10. a3 Bxc3 11. bxc3 b5 12. Ba2 Bb7 13. e4 Ne7 14. Re1 Qc8 15. Bb1
Ng6 16. e5 Nd5 17. Nh4 Nde7 18. Nxg6 fxg6 19. a4 c5 20. Qd3 Qc6 21. Qe4 cxd4 22.
Qxc6 Nxc6 23. cxd4 Nxd4 24. axb5 axb5 25. Rxa8 Rxa8 26. Bxg6 Ra1 27. Bd2 Ra2 28.
Bb4 Ne2+ 29. Kf1 Nf4 30. Be4 Nd5 31. Bd6 b4 32. Bxd5 Bxd5 33. Bxb4 Kf7 34. g3
Bf3 35. h4 Kg6 36. Re3 Ra1+ 37. Re1 Bg2+ 38. Kxg2 Ra4 39. Bd6 Kf5 40. f3 g5 41.
hxg5 hxg5 42. g4+ Kf4 43. Ba3 Rd4 44. Bc1+ 1-0

[Event "AUTO-ADV-2520"]
[Site "http://www.queenalice.com/game.php?id=1067494"]
[Date "2012.6.3"]
[Round "1"]
[White "Lezistoir"]
[Black "aleove"]
[Result "0-1"]
[WhiteElo "1718"]
[BlackElo "1972"]

1. b3 d5 2. g3 Nf6 3. c4 d4 4. d3 e5 5. Bg2 Bb4+ 6. Bd2 Bxd2+ 7. Nxd2 O-O 8.
Ngf3 Re8 9. Nh4 c5 10. O-O Qc7 11. b4 Nbd7 12. a3 Rb8 13. bxc5 Nxc5 14. Re1 b5
15. Rc1 Qa5 16. cxb5 Qxa3 17. Rxc5 Qxc5 18. Bc6 Bd7 19. Ne4 Qe7 20. e3 Bxc6 21.
bxc6 Nxe4 22. Nf5 Qf6 23. exd4 Nxf2 24. Kxf2 Qxf5+ 25. Qf3 Qxf3+ 26. Kxf3 exd4
27. c7 Rbc8 28. Re4 Rxe4 29. dxe4 Rxc7 30. e5 a5 31. Ke4 a4 0-1

[Event "AUTO-ADV-2520"]
[Site "http://www.queenalice.com/game.php?id=1067495"]
[Date "2012.6.3"]
[Round "1"]
[White "aleove"]
[Black "Lezistoir"]
[Result "1-0"]
[WhiteElo "1978"]
[BlackElo "1712"]

1. d4 d5 2. c4 Nf6 3. Nc3 Nc6 4. e3 e6 5. Nf3 Bb4 6. Qc2 O-O 7. a3 Bxc3+ 8. bxc3
h6 9. Bd3 dxc4 10. Bxc4 a6 11. O-O Re8 12. e4 b5 13. Bd3 Bb7 14. h3 Na5 15. Ne5
Nd7 16. Nf3 c5 17. Be3 c4 18. Be2 Nf6 19. Nd2 Qc8 20. Bf3 Qc7 21. a4 e5 22. d5
Qd6 23. Rfb1 Reb8 24. axb5 Nb3 25. Nxb3 cxb3 26. Qxb3 axb5 27. Rxa8 Bxa8 28. c4
bxc4 29. Qxb8+ Qf8 30. Qxf8+ Kxf8 31. Rb8+ Ne8 32. Rxa8 Ke7 33. Bc5+ Nd6 34.
Ra7+ 1-0

[Event "AUTO-ADV-2510"]
[Site "http://www.queenalice.com/game.php?id=1096587"]
[Date "2012.8.26"]
[Round "2"]
[White "josebaron"]
[Black "aleove"]
[Result "0-1"]
[WhiteElo "1913"]
[BlackElo "2021"]

1. e4 c5 2. Nf3 Nc6 3. Bc4 e6 4. c3 d5 5. exd5 exd5 6. Be2 d4 7. d3 Nf6 8. Bg5
Be7 9. O-O O-O 10. h3 Re8 11. c4 h6 12. Bh4 Qb6 13. b3 g5 14. Bg3 Nh5 15. Nh2
Nxg3 16. fxg3 Qc7 17. g4 Bd6 18. Nf3 Qe7 19. Re1 Bg3 20. Rf1 Qxe2 21. Qxe2 Rxe2
22. Na3 Nb4 23. Rfd1 Rxa2 24. Rxa2 Nxa2 25. Nb1 Bd7 26. Kf1 f5 27. gxf5 Bxf5 28.
Nh2 Bxh2 29. Re1 Bxd3+ 30. Kf2 Bf4 31. Kf3 Kf7 32. h4 Re8 33. Rxe8 Kxe8 34. Na3
a6 0-1

[Event "AUTO-ADV-2510"]
[Site "http://www.queenalice.com/game.php?id=1096588"]
[Date "2012.8.26"]
[Round "2"]
[White "aleove"]
[Black "josebaron"]
[Result "1-0"]
[WhiteElo "2008"]
[BlackElo "1926"]

1. d4 d5 2. c4 c6 3. Nf3 Nf6 4. e3 Bf5 5. cxd5 cxd5 6. Nc3 e6 7. Nh4 Bb4 8. Nxf5
exf5 9. Bd3 Bxc3+ 10. bxc3 Ne4 11. Qa4+ Qd7 12. Qxd7+ Nxd7 13. Ba3 Nxc3 14. Rc1
Ne4 15. f3 Nef6 16. Rc7 b6 17. Bd6 Kd8 18. Bxf5 Re8 19. Ke2 g6 20. Bh3 h5 21.
Rhc1 a5 22. Bf4 Ke7 23. Bg5 Red8 24. Rxd7+ Rxd7 25. Bxd7 Kxd7 26. Bxf6 a4 27. e4
dxe4 28. fxe4 Rc8 29. Rxc8 Kxc8 30. Kd3 Kc7 31. Kc4 Kc6 32. d5+ Kd6 33. e5+ 1-0

[Event "AUTO-ADV-2510"]
[Site "http://www.queenalice.com/game.php?id=1096589"]
[Date "2012.8.26"]
[Round "2"]
[White "Jorac"]
[Black "aleove"]
[Result "0-1"]
[WhiteElo "2097"]
[BlackElo "2033"]

1. e4 c5 2. Nf3 Nc6 3. d4 cxd4 4. Nxd4 g6 5. Nc3 Bg7 6. Bc4 d6 7. Nxc6 bxc6 8.
O-O Nf6 9. Re1 O-O 10. Bb3 Rb8 11. Qe2 Nd7 12. Bg5 Nc5 13. h3 Ba6 14. Bc4 Rxb2
15. Bxa6 Bxc3 16. Red1 Rb6 17. Bc4 Bxa1 18. Rxa1 Qc7 19. Qf3 d5 20. exd5 cxd5
21. Bxd5 Qe5 22. Rd1 Qxg5 23. Bc4 Qf6 24. Qe2 Rd6 25. Rb1 Rfd8 26. Re1 Qc3 27.
Bb3 Nxb3 28. cxb3 Qxe1+ 29. Qxe1 Rd1 30. Kf1 Rxe1+ 31. Kxe1 Rd6 0-1

[Event "AUTO-ADV-2510"]
[Site "http://www.queenalice.com/game.php?id=1096590"]
[Date "2012.8.26"]
[Round "2"]
[White "aleove"]
[Black "Jorac"]
[Result "1-0"]
[WhiteElo "2052"]
[BlackElo "2109"]

1. d4 Nf6 2. c4 c6 3. Nc3 d5 4. Nf3 Bg4 5. e3 e6 6. Be2 Be7 7. O-O O-O 8. cxd5
Nxd5 9. e4 Nf4 10. Bxf4 Nd7 11. Qb3 Bxf3 12. Bxf3 Nb6 13. Rfd1 Bh4 14. a4 g5 15.
Be3 Qf6 16. a5 Nc8 17. a6 bxa6 18. e5 Qf5 19. Be4 Qg4 20. Qb7 Nb6 21. Bxc6 Nc4
22. Qxa6 Nxe3 23. fxe3 Rab8 24. Bf3 Qf5 25. Qe2 Qg6 26. g3 g4 27. Be4 Qg5 28.
Rxa7 Kh8 29. Rf1 Bxg3 30. hxg3 Kg7 31. Rf4 h5 32. Qf2 Kg8 33. Raxf7 Rxf7 34.
Rxf7 Qh6 35. Rh7 Qxh7 36. Bxh7+ Kxh7 37. Qf7+ 1-0

[Event "AUTO-ADV-2455"]
[Site "http://www.queenalice.com/game.php?id=1098290"]
[Date "2012.8.31"]
[Round "2"]
[White "Flamengo_Brasil"]
[Black "aleove"]
[Result "0-1"]
[WhiteElo "2173"]
[BlackElo "2128"]

1. d4 d5 2. c4 e5 3. cxd5 Qxd5 4. Nf3 exd4 5. Nc3 Bb4 6. Qxd4 Qxd4 7. Nxd4 Nf6
8. Nb5 Na6 9. Be3 c6 10. Nxa7 Bd7 11. Rd1 Bc5 12. Bxc5 Nxc5 13. b4 Nce4 14. Nxe4
Nxe4 15. Rd3 Kd8 16. Ra3 Kc7 17. f3 Nf6 18. g4 Be6 19. g5 Nd5 20. b5 Kb6 21.
bxc6 bxc6 22. e4 Nb4 23. Ra4 c5 24. Kf2 Rxa7 25. Rxa7 Kxa7 26. a3 Nc2 27. Bd3
Rd8 28. Bxc2 Rd2+ 29. Kg3 Rxc2 30. Ra1 Ka6 31. h4 Ra2 32. Rc1 c4 33. Rc3 Kb5 34.
f4 Ka4 35. f5 Rxa3 36. Rxa3+ Kxa3 37. fxe6 fxe6 0-1

[Event "AUTO-ADV-2455"]
[Site "http://www.queenalice.com/game.php?id=1098291"]
[Date "2012.8.31"]
[Round "2"]
[White "aleove"]
[Black "Flamengo_Brasil"]
[Result "1-0"]
[WhiteElo "2112"]
[BlackElo "2235"]

1. d4 Nf6 2. c4 e6 3. Nc3 Bb4 4. Qc2 O-O 5. a3 Bxc3+ 6. bxc3 Nc6 7. e4 e5 8. d5
Na5 9. Nf3 d6 10. Be2 Bg4 11. O-O Bxf3 12. Bxf3 Nxc4 13. Be2 Nb6 14. Be3 Rb8 15.
a4 c5 16. c4 Qe7 17. Ra3 Rfe8 18. Rb1 Rec8 19. Rab3 Nxa4 20. Bg5 Kh8 21. Bg4 Rg8
22. Rh3 Nb6 23. Bf5 h6 24. Qc1 Rgd8 25. Bxh6 Kg8 26. Bxg7 Ng4 27. Bxg4 Qh4 28.
Rxh4 f5 29. Qg5 Nxd5 30. Qg6 fxg4 31. Rh8# 1-0

[Event "AUTO-ADV-2455"]
[Site "http://www.queenalice.com/game.php?id=1098292"]
[Date "2012.8.31"]
[Round "2"]
[White "wesoon77"]
[Black "aleove"]
[Result "1-0"]
[WhiteElo "2105"]
[BlackElo "2070"]

1. d4 d5 2. c4 e6 3. Nc3 Be7 4. e4 dxe4 5. Nxe4 Nf6 6. Nc3 c5 7. d5 O-O 8. Bd3
Na6 9. Nge2 Nb4 10. a3 Nxd3+ 11. Qxd3 b5 12. Nxb5 exd5 13. cxd5 Nxd5 14. O-O Bb7
15. Rd1 Qb6 16. Qc4 Rfd8 17. Bf4 Bc6 18. Nbc3 1-0

[Event "AUTO-ADV-2455"]
[Site "http://www.queenalice.com/game.php?id=1098293"]
[Date "2012.8.31"]
[Round "2"]
[White "aleove"]
[Black "wesoon77"]
[Result "1-0"]
[WhiteElo "2055"]
[BlackElo "2116"]

1. d4 d5 2. c4 c6 3. Nc3 Nf6 4. Nf3 e6 5. e3 Nbd7 6. Bd3 dxc4 7. Bxc4 b5 8. Bd3
Bb7 9. O-O a6 10. a4 b4 11. Ne4 c5 12. Nxf6+ Nxf6 13. Qe2 Qb6 14. a5 Qa7 15. Bd2
Be7 16. dxc5 Bxc5 17. e4 O-O 18. e5 Ne8 19. Bxh7+ Kxh7 20. Ng5+ Kg6 21. Qd3+ Kh5
22. g4+ 1-0

[Event "AUTO-ADV-2520"]
[Site "http://www.queenalice.com/game.php?id=1101126"]
[Date "2012.9.8"]
[Round "2"]
[White "aleove"]
[Black "BobGomes"]
[Result "1-0"]
[WhiteElo "2073"]
[BlackElo "2059"]

1. d4 d5 2. c4 c6 3. Nf3 Nf6 4. Nc3 e6 5. e3 Nbd7 6. Bd3 Be7 7. O-O O-O 8. Qc2
g6 9. Re1 dxc4 10. Bxc4 Nb6 11. Bd3 Nfd5 12. a3 Nxc3 13. bxc3 Nd5 14. e4 Nf6 15.
Bh6 Re8 16. e5 Nh5 17. a4 Bf8 18. Qd2 f5 19. exf6 Nxf6 20. Ne5 Bg7 21. Bxg7 Kxg7
22. Bxg6 Nd5 23. Bxe8 Qxe8 24. Qg5+ Kh8 25. Re4 Qg8 26. Qh6 Qg7 27. Rg4 1-0

[Event "AUTO-ADV-2520"]
[Site "http://www.queenalice.com/game.php?id=1101127"]
[Date "2012.9.8"]
[Round "2"]
[White "BobGomes"]
[Black "aleove"]
[Result "0-1"]
[WhiteElo "2025"]
[BlackElo "2102"]

1. d4 d5 2. Nf3 Nf6 3. e3 Bf5 4. c4 e6 5. Nc3 c6 6. cxd5 exd5 7. h3 h6 8. Bd3
Bxd3 9. Qxd3 Bd6 10. O-O O-O 11. Na4 Nbd7 12. Bd2 Re8 13. Rac1 a5 14. Nc5 Bxc5
15. dxc5 Qe7 16. Qa3 Ne4 17. Bxa5 Ndxc5 18. b4 b6 19. bxc5 Rxa5 20. Qb2 bxc5 21.
Rc2 Rea8 22. Ra1 c4 23. Nd4 Qf6 24. Qb6 R5a6 25. Qb2 Nc5 26. a3 Nd3 27. Qc3 Rb8
28. a4 Qd6 29. Nf5 Qf8 30. a5 c5 31. e4 Rb3 32. Qd2 Qe8 33. exd5 Qe5 34. Nxh6+
Rxh6 35. Rca2 Nf4 36. Re1 Rbxh3 37. f3 Nd3 38. gxh3 Nxe1 39. Kf2 Rxh3 40. Qxe1
Qg3+ 41. Ke2 Qxf3+ 42. Kd2 Rh2+ 0-1

[Event "AUTO-ADV-2520"]
[Site "http://www.queenalice.com/game.php?id=1101128"]
[Date "2012.9.8"]
[Round "2"]
[White "aleove"]
[Black "RogerioJJ"]
[Result "1-0"]
[WhiteElo "2141"]
[BlackElo "2129"]

1. d4 Nf6 2. c4 g6 3. Nc3 d5 4. Nf3 Bg7 5. cxd5 Nxd5 6. e4 Nxc3 7. bxc3 O-O 8.
Ba3 Nd7 9. Bd3 c5 10. O-O Re8 11. Qb3 Qc7 12. e5 c4 13. Bxc4 e6 14. Nd2 Bf8 15.
Bxf8 Rxf8 16. Ne4 b5 17. Bxb5 Rb8 18. Rfb1 a6 19. Qc4 Qb7 20. Bxd7 Qxb1+ 21.
Rxb1 Rxb1+ 22. Qf1 Rxf1+ 23. Kxf1 Bxd7 24. Nf6+ Kg7 25. Nxd7 Rc8 26. Nc5 Rb8 27.
Nxa6 Rb1+ 28. Ke2 Rb2+ 29. Ke3 Rxa2 30. Nc5 h5 31. Ne4 Kf8 32. c4 Rc2 33. Kd3
Rc1 34. c5 Ke7 35. Nd6 Rf1 36. Ke2 Rc1 37. h4 Rc2+ 38. Ke3 f6 39. exf6+ Kxf6 40.
Kd3 Rc1 41. Kd2 Rf1 42. c6 Rxf2+ 43. Kc3 Ke7 44. c7 Rf8 45. c8=Q Rxc8+ 46. Nxc8+
Kd7 47. Nb6+ Kc6 48. Nc4 Kd5 49. Kd3 1-0

[Event "AUTO-ADV-2520"]
[Site "http://www.queenalice.com/game.php?id=1101129"]
[Date "2012.9.8"]
[Round "2"]
[White "RogerioJJ"]
[Black "aleove"]
[Result "0-1"]
[WhiteElo "2036"]
[BlackElo "2088"]

1. e4 c5 2. Nf3 Nc6 3. d4 cxd4 4. Nxd4 e5 5. Nb5 d6 6. N1c3 a6 7. Na3 b5 8. Nd5
Nge7 9. c3 Nxd5 10. Qxd5 Qc7 11. Bg5 Be6 12. Qd2 Be7 13. Be2 Bxg5 14. Qxg5 O-O
15. O-O f5 16. f3 b4 17. Bc4 Bxc4 18. Nxc4 bxc3 19. bxc3 Nd8 20. Ne3 Qa7 0-1